[Event "Regionalliga SO 9899"]
[Site "Bayern"]
[Date "1999.??.??"]
[Round "4.8"]
[White "Endler, Johannes"]
[Black "Kopic, Branko"]
[Result "0-1"]
[WhiteElo "1685"]
[BlackElo "1975"]
[PlyCount "78"]
[EventDate "1998.??.??"]
[EventType "team-tourn"]
[EventRounds "9"]
[EventCountry "GER"]
[SourceTitle "EXT 2020"]
[Source "ChessBase"]
[SourceDate "2019.10.17"]
[SourceVersion "1"]
[SourceVersionDate "2019.10.17"]
[SourceQuality "1"]
[WhiteTeam "Simbach"]
[BlackTeam "Pang/Rosenheim II"]
[WhiteTeamCountry "GER"]
[BlackTeamCountry "GER"]

1. e4 c6 2. d4 d5 3. Nc3 dxe4 4. Nxe4 Nd7 5. Nf3 Ngf6 6. Nxf6+ Nxf6 7. Be2 Bg4 8. 0-0 e6 9. Bg5 Be7 10. c3 Qc7 11. h3 Bh5 12. Ne5 Bxe2 13. Qxe2 Nd5 14. Bxe7 Qxe7 15. f4 0-0 16. Rae1 c5 17. dxc5 Qxc5+ 18. Kh1 Qc7 19. Qf3 Rad8 20. Rd1 Ne7 21. Rxd8 Rxd8 22. Rd1 Rxd1+ 23. Qxd1 f6 24. Qd7 Qxd7 25. Nxd7 b6 26. Nb8 Kf7 27. Kg1 Ke8 28. Kf2 Kd8 29. Ke3 a5 30. b4 Kc8 31. Na6 Kb7 32. b5 Nd5+ 33. Kd4 Nxf4 34. c4 e5+ 35. Ke4 Nxg2 36. Kd5 Nf4+ 37. Kd6 e4 38. c5 e3 39. Kd7 bxc5 0-1

[Event "Regionalliga SO 9899"]
[Site "Bayern"]
[Date "1998.??.??"]
[Round "3.8"]
[White "Kopic, Branko"]
[Black "Dropalla, Florian"]
[Result "1/2-1/2"]
[WhiteElo "1975"]
[BlackElo "1910"]
[PlyCount "128"]
[EventDate "1998.??.??"]
[EventType "team-tourn"]
[EventRounds "9"]
[EventCountry "GER"]
[SourceTitle "EXT 2020"]
[Source "ChessBase"]
[SourceDate "2019.10.17"]
[SourceVersion "1"]
[SourceVersionDate "2019.10.17"]
[SourceQuality "1"]
[WhiteTeam "Pang/Rosenheim II"]
[BlackTeam "Waldkirchen TSV"]
[WhiteTeamCountry "GER"]
[BlackTeamCountry "GER"]

1. b3 d5 2. Bb2 Nf6 3. Nf3 c5 4. e3 Nc6 5. c4 Bg4 6. h3 Bh5 7. Be2 e6 8. d3 Be7 9. Nbd2 Qc7 10. g4 Bg6 11. Nh4 d4 12. exd4 cxd4 13. Nxg6 hxg6 14. Bf1 Qf4 15. Bg2 Rd8 16. a3 a5 17. Qf3 Ne5 18. Qe2 Nc6 19. 0-0-0 Bc5 20. Kc2 Qd6 21. Ra1 Qc7 22. f4 Kf8 23. f5 gxf5 24. gxf5 Re8 25. fxe6 Rxe6 26. Qf2 Rh5 27. Rae1 Rhe5 28. Nf3 Rxe1 29. Rxe1 Rxe1 30. Qxe1 Qd6 31. Qh4 Kg8 32. Nd2 Bxa3 33. Bxc6 Bxb2 34. Bxb7 Bc3 35. Qe1 Qa3 36. Qc1 Qa2+ 37. Kd1 Bxd2 38. Qxd2 Qxb3+ 39. Kc1 Qxb7 40. Qxa5 Qb3 41. Qd8+ Kh7 42. Qxd4 Qa3+ 43. Kc2 Qa2+ 44. Kc1 Qg2 45. Qe3 Kg6 46. Kd1 Nh5 47. c5 Qd5 48. Kc2 f5 49. Qe8+ Qf7 50. Qc6+ Nf6 51. Qg2+ Kh7 52. Qf3 Nd5 53. d4 f4 54. Kd3 Qf5+ 55. Kc4 Nc7 56. Kc3 Kh6 57. Qc6+ Ne6 58. d5 Qf6+ 59. Kd2 Qd4+ 60. Ke2 Qb2+ 61. Kf3 Qc3+ 62. Ke2 Qc2+ 63. Ke1 Qc1+ 64. Ke2 Qe3+ 1/2-1/2